Informe sobre un programa de ensayo de maderas realizado para el Proyecto UNDP 192: Investigación y Desarrollo de Zonas Forestales Selectas de Costa Rica

Guardado en:
書目詳細資料
企業作者: Instituto Interamericano de Ciencias Agrícolas
格式: 圖書
語言:Spanish
出版: San José (Costa Rica). 1968
主題:
標簽: 添加標簽
沒有標簽, 成為第一個標記此記錄!

MARC

LEADER 00000nam a2200000Ia 4500
003 003878
005 20240730092055.0
008 140114s1968 cr a 000 ||spa d
040 |c cru CEDI  
082 |a 674.12 In43 
110 |a Instituto Interamericano de Ciencias Agrícolas  |9 3451 
245 |a Informe sobre un programa de ensayo de maderas realizado para el Proyecto UNDP 192: Investigación y Desarrollo de Zonas Forestales Selectas de Costa Rica  |c  IICA, Turrialba,(Cartago), Costa Rica. Laboratorio de Tecnología de la Madera. 
260 |a  San José (Costa Rica).   |c 1968 
650 |x  MADERA  |x  MADERA- CLASIFICACION  |x PROPIEDADES DE LA MADERA 
942 |2 ddc  |c LIBRO  |h 674.12 In43  |i 003878  |6 674_120000000000000_IN43_003878 
999 |c 11669  |d 11669